Anatomy & physiology / (رقم التسجيلة. 1025)
[ عرض عادي ]
| 000 -الفاتح | |
|---|---|
| حقل البيانات ثابتة الطول | 01189cam a22003134a 4500 |
| 001 - رقم الضبط | |
| رقم الضبط | 12861041 |
| 003 - محدد رقم الضبط | |
| رقم الضبط | OSt |
| 005 - وقت وتاريخ اخر تعامل مع التسجيلة | |
| رقم الضبط | 20150408113725.0 |
| 008 - عناصر البيانات ثابتة الطول - معلومات عامة | |
| حقل البيانات ثابتة الطول | 020719s2003 moua 001 0 eng |
| 010 ## - رقم ضبط مكتبة الكونجرس | |
| رقم ضبط مكتبة الكونجرس | 2002029507 |
| 020 ## - الرقم الدولى المعيارى للكتب | |
| الرقم الدولى المعيارى للكتاب | 0323016286 |
| 040 ## - مصدر الفهرسة | |
| وكالة الفهرسة الأصلية | DLC |
| وكالة النسخ | DLC |
| وكالة التعديل | DLC |
| 042 ## - رمز التحقق | |
| رمز التحقق | pcc |
| 050 00 - رقم طلب مكتبة الكونجرس | |
| رقم التصنيف | QP34.5 |
| رقم المادة | .T49 2003 |
| 082 00 - رقم تصنيف ديوى العشرى | |
| رقم التصنيف | 612 |
| رقم الطبعة | 21 |
| 100 1# - المدخل الرئيسى - إسم شخصى | |
| الإسم الشخصى | Thibodeau, Gary A., |
| التواريخ المصاحبة للاسم | 1938- |
| 9 (RLIN) | 5282 |
| 245 10 - بيان العنوان | |
| العنوان | Anatomy & physiology / |
| بيان المسئوليه,etc | Gary A. Thibodeau, Kevin T. Patton. |
| 246 3# - العنوان الموازى | |
| عنوان صحيح/عنوان مختصر | Anatomy and physiology |
| 250 ## - بيان الطبعة | |
| بيان الطبعة | 5th ed. |
| 260 ## - PUBLICATION, DISTRIBUTION, ETC. (IMPRINT) | |
| مكان الناشر او الموزع | St. Louis, Mo. : |
| اسم الناشر او الموزع | Mosby, |
| تاريخ النشر أو التوزيع | c2003. |
| 300 ## - الوصف المادى | |
| التعداد | xxix, 1106 p. : |
| تفاصيل ماديه اخرى للوعاء | ill. (some col.) ; |
| أبعاد الوعاء | 29 cm. + |
| المادة المصاحبة | 1 CD-ROM (4 3/4 in.) |
| 500 ## - تبصرة عامة | |
| تبصرة عامة | Includes index. |
| 538 ## - تبصرة تفاصيل النظام | |
| تبصرة التفاصيل الفنية لملف الحاسب | a Systems requirement for accompanying CD-ROM: Windows 95, Pentium megahertz processor, 16M RAM, 16-bit color, 2x CD. Recommended: Windows 95, 98, NT 4.0, 2000, or XP; Pentium 2 processor, 64Mb RAM, 16x CD, 17" monitor. |
| 650 #0 - المدخل الاضافى بالموضوع-مصطلح موضوعى | |
| مصطلح موضوعي أو اسم جغرافي كعنصر مدخل | Human physiology. |
| 9 (RLIN) | 4303 |
| 650 #0 - المدخل الاضافى بالموضوع-مصطلح موضوعى | |
| مصطلح موضوعي أو اسم جغرافي كعنصر مدخل | Human anatomy. |
| 9 (RLIN) | 5283 |
| 700 1# - المدخل الاضافى - اسم شخصى | |
| الإسم الشخصى | Patton, Kevin T. |
| 9 (RLIN) | 5284 |
| 942 ## - عناصر المدخل الإضافي( كوها) | |
| مصدر التصنيف او مخطط الترفيف | Dewey Decimal Classification |
| Koha [default] item type | كتاب |
| حالة الفقد | نموذج السعر الفعال | حالة تلف | ليس للاعارة | رقم الطلب | تاريخ الاكتساب | الموقع الحالي | الباركود | الفرع الرئيسي | Date last checked out | Date last seen | نوع المادة فى نظام كوها | مصدر التصنيف او خطة الترفيف | Total Checkouts |
|---|---|---|---|---|---|---|---|---|---|---|---|---|---|
| 2013-03-10 | 612 T G A | 2011-10-17 | المكتبة المركزية بالمجمعة (CL) | 00051083 | المكتبة المركزية بالمجمعة (CL) | 2023-04-09 | 2024-08-20 | كتاب | Dewey Decimal Classification | 3 |
